| 000 | 00821nam a2200181Ia 4500 | ||
|---|---|---|---|
| 008 | 151202s9999||||xx |||||||||||||| ||und|| | ||
| 082 | _bPNVM-79967 | ||
| 100 | _aआर्चर जेफ्री/अनु.सोहोनी लीना. | ||
| 245 | _aटू कट अ लाँग स्टोरी शॉर्ट. | ||
| 260 | _b"मेहता पब्लिशिंग हाऊस,पुणे." | ||
| 260 | _c2013 | ||
| 300 | _a248 | ||
| 600 | _aआर्चर जेफ्री/अनु.सोहोनी लीना. | ||
| 630 | _aटू कट अ लाँग स्टोरी शॉर्ट. | ||
| 700 | _aआर्चर जेफ्री/अनु.सोहोनी लीना. | ||
| 730 | _aटू कट अ लाँग स्टोरी शॉर्ट. | ||
| 942 | _cBOOK | ||
| 999 |
_c1344576 _d1344573 |
||